| 000 | 00418nam a2200145 a 4500 | ||
|---|---|---|---|
| 001 | 000049177 | ||
| 005 | 20201002061718.0 | ||
| 008 | 190725s1956 dr 000 spa d | ||
| 040 |
_aDO-SdBNP _bspa _cBNPHU |
||
| 082 |
_a317.293 _bA76e |
||
| 245 | 0 | _aAnuario estadístico de la República Dominicana 1953. | |
| 260 |
_aSanto Domingo : _bCaribe, _c1956. |
||
| 300 |
_a786 p. ; _c24 cm. |
||
| 590 | _aInventariado, 2019 / DG | ||
| 999 |
_c48665 _d48665 |
||